The law of income tax / (Record no. 86979)

MARC details
000 -LEADER
campo de control de longitud fija 00596nam a2200193 i 4500
001 - NÚMERO DE CONTROL
campo de control 86979
003 - IDENTIFICADOR DE NÚMERO DE CONTROL
campo de control ES-MaACL
005 - FECHA Y HORA DE LA ÚLTIMA TRANSACCIÓN
campo de control 20230906175550.0
007 - CAMPO FIJO DE DESCRIPCIÓN FÍSICA--INFORMACIÓN GENERAL
campo de control de longitud fija t|
008 - DATOS DE LONGITUD FIJA--INFORMACIÓN GENERAL
campo de control de longitud fija 041217s1946 xxk ||||1| eng d
100 1# - ENTRADA PRINCIPAL--NOMBRE DE PERSONA
Nombre de persona Konstam, E. M.
9 (RLIN) 68566
245 14 - MENCIÓN DEL TÍTULO
Título The law of income tax /
Mención de responsabilidad, etc. by E.M. Konstam.
250 ## - MENCION DE EDICION
Mención de edición 10th ed.
260 ## - PUBLICACIÓN, DISTRIBUCIÓN, ETC.
Lugar de publicación, distribución, etc. London :
Nombre del editor, distribuidor, etc. Stevens & Sons,
Fecha de publicación, distribución, etc. 1946 (
Fabricante C.R. Roworth)
300 ## - DESCRIPCIÓN FÍSICA
Extensión LXVIII, 851 p. ;
Dimensiones 25 cm.
500 ## - NOTA GENERAL
Nota general With the income tax acts appended.
505 8# - NOTA DE CONTENIDO CON FORMATO
Nota de contenido con formato Contiene: Second cumulative supplement to the law of income tax
852 ## - LOCALIZACIÓN
Ubicación ES-MaACL
Número de control de estantería C-5255
Sublocalización o colección R.25981
Holdings
Estatus retirado Estado de pérdida Estado de daño No para préstamo Biblioteca de origen Biblioteca actual Ubicación en estantería Fecha de adquisición Fuente de adquisición Total de préstamos Signatura topográfica completa Código de barras Visto por última vez Precio de reemplazo Tipo de ítem Koha
        Biblioteca del Ateneo de Madrid Biblioteca del Ateneo de Madrid Sala Palomar 17/01/2008     C-5255 1090877 23/02/2023 23/02/2023 Libro impreso